[Event "Women's Speed Chess Q2"]
[Site "chess.com INT"]
[Date "2020.06.19"]
[Round "13"]
[White "Sudakova, Irina"]
[Black "Meenakshi, Subbaraman"]
[Result "1-0"]
[WhiteTitle "WGM"]
[BlackTitle "WGM"]
[WhiteElo "2288"]
[BlackElo "2171"]
[WhiteFideId "4129903"]
[BlackFideId "5004381"]
[EventDate "2020.06.19"]

1. e4 d6 2. d4 g6 3. Nc3 Bg7 4. Be3 e5 5. dxe5 dxe5 6. Qxd8+ Kxd8 7. O-O-O+ Bd7
8. Nf3 c6 9. Bc5 f6 10. Bc4 Kc7 11. Bd6+ Kc8 12. a4 Nh6 13. h3 Bf8 14. a5 Bxd6
15. Rxd6 Rf8 16. Rhd1 b5 17. Bb3 a6 18. g4 Ra7 19. g5 fxg5 20. Nxe5 g4 21. hxg4
Bxg4 22. Nxg4 Nxg4 23. Be6+ Kc7 24. Bxg4 Rxf2 25. e5 h5 26. Be6 g5 27. Ne4 Rg2
28. Nc5 g4 29. Rd8 1-0

[Event "Women's Speed Chess Q2"]
[Site "chess.com INT"]
[Date "2020.06.19"]
[Round "13"]
[White "Starosta, Martyna"]
[Black "Fernandez, Maria Florencia"]
[Result "1-0"]
[WhiteTitle "WCM"]
[BlackTitle "WIM"]
[WhiteElo "2079"]
[BlackElo "2229"]
[WhiteFideId "21818754"]
[BlackFideId "116459"]
[EventDate "2020.06.19"]

1. e4 d6 2. d4 Nf6 3. Nc3 g6 4. Be3 Bg7 5. Qd2 c6 6. f3 b5 7. h4 b4 8. Nce2 a5
9. g4 Qc7 10. h5 Nbd7 11. Nf4 c5 12. h6 Bf8 13. g5 Nh5 14. Nxh5 gxh5 15. Rxh5
Rg8 16. Bh3 Nb6 17. dxc5 Nc4 18. Qc1 Nxe3 19. Qxe3 Bxh3 20. Nxh3 Qxc5 21. Qxc5
dxc5 22. Nf4 O-O-O 23. Nd3 e6 24. Ne5 Bd6 25. Nxf7 Bg3+ 26. Ke2 Rd7 27. Rg1 Rxf7
28. Rxg3 Rd8 29. g6 Rfd7 30. Rxc5+ Kb7 31. g7 Rd2+ 32. Ke3 1-0

[Event "Women's Speed Chess Q2"]
[Site "chess.com INT"]
[Date "2020.06.19"]
[Round "13"]
[White "Pham, Le Thao Nguyen"]
[Black "Cori T., Deysi"]
[Result "1/2-1/2"]
[WhiteTitle "IM"]
[BlackTitle "WGM"]
[WhiteElo "2366"]
[BlackElo "2388"]
[WhiteFideId "12401226"]
[BlackFideId "3801934"]
[EventDate "2020.06.19"]

1. d4 Nf6 2. Nf3 e6 3. Bg5 Be7 4. e3 h6 5. Bh4 d5 6. Nbd2 c5 7. c3 O-O 8. Bd3 b6
9. O-O Bb7 10. Ne5 Ne4 11. Bxe7 Qxe7 12. f3 Nxd2 13. Qxd2 Nc6 14. f4 Rfd8 15.
Rae1 f6 16. Nxc6 Bxc6 17. Qf2 Qf7 18. Qg3 f5 19. Qh4 b5 20. dxc5 Qf8 21. b4 a5
22. a3 axb4 23. axb4 Ra3 24. Rc1 Rda8 25. Qf2 Qf6 26. Qd2 Ra2 27. Rc2 Ra1 28. h3
e5 29. Rcc1 R1a2 30. Rc2 Ra1 31. Rcc1 R1a2 32. Rc2 Ra1 1/2-1/2

[Event "Women's Speed Chess Q2"]
[Site "chess.com INT"]
[Date "2020.06.19"]
[Round "13"]
[White "Paehtz, Elisabeth"]
[Black "Hng, Mei-En Emmanuelle"]
[Result "1-0"]
[WhiteTitle "IM"]
[BlackTitle "WFM"]
[WhiteElo "2473"]
[BlackElo "2029"]
[WhiteFideId "4641833"]
[BlackFideId "5804566"]
[EventDate "2020.06.19"]

1. d4 Nf6 2. Nf3 c5 3. c3 e6 4. Bf4 Qb6 5. Qb3 Nc6 6. e3 cxd4 7. exd4 Nd5 8. Bg3
f5 9. Nbd2 Be7 10. Bc4 Na5 11. Qxb6 Nxb6 12. Bd3 O-O 13. Bc7 Nc6 14. Bxb6 axb6
15. Nc4 b5 16. Nb6 Ra5 17. b4 Ra3 18. Kd2 Na7 19. Kc2 Ra6 20. Nxc8 Rxc8 21. Kb2
Rac6 22. Rhc1 d6 23. a4 Rb6 24. axb5 Nxb5 25. Ra5 Nc7 26. Bc4 Kf7 27. Bb3 Na6
28. Re1 d5 29. Ne5+ Ke8 30. Ba4+ Kd8 31. Nf7+ Kc7 32. Rb5 Rxb5 33. Bxb5 Kb6 34.
Bd7 Rf8 35. Bxe6 Bd6 36. Bxd5 1-0

[Event "Women's Speed Chess Q2"]
[Site "chess.com INT"]
[Date "2020.06.19"]
[Round "13"]
[White "Berdychevskaya, Natasha"]
[Black "Zavivaeva, Emilia"]
[Result "1-0"]
[WhiteTitle "WFM"]
[BlackTitle "WCM"]
[WhiteElo "2208"]
[BlackElo "1735"]
[WhiteFideId "4159322"]
[BlackFideId "34127531"]
[EventDate "2020.06.19"]

1. e4 c5 2. Nf3 Nc6 3. d4 cxd4 4. Nxd4 Nf6 5. Nc3 e5 6. Ndb5 d6 7. Bg5 a6 8. Na3
b5 9. Nd5 Be7 10. Bxf6 Bxf6 11. c3 O-O 12. Nc2 Bg5 13. a4 Rb8 14. axb5 axb5 15.
h4 Bh6 16. Be2 f5 17. exf5 Bxf5 18. Nce3 Be6 19. Ra6 Qc8 20. Rxc6 Qd7 21. Rxd6
Qxd6 22. Nf6+ Rxf6 23. Qxd6 Rbf8 24. Qxe5 Bf4 25. Qxb5 Rb8 26. Qa4 Rxb2 27. Qe8+
Rf8 28. Qxe6+ Kh8 29. Bd3 Bb8 30. Qe4 g6 31. Qd4+ Kg8 32. Bc4+ 1-0

[Event "Women's Speed Chess Q2"]
[Site "chess.com INT"]
[Date "2020.06.19"]
[Round "13"]
[White "Kovacs, Klara"]
[Black "Kiran, Manisha Mohanty"]
[Result "0-1"]
[WhiteTitle "WIM"]
[BlackTitle "WGM"]
[WhiteElo "2154"]
[BlackElo "2168"]
[WhiteFideId "733210"]
[BlackFideId "5019575"]
[EventDate "2020.06.19"]

1. Nf3 c5 2. g3 g6 3. Bg2 Bg7 4. O-O Nc6 5. c4 e6 6. Nc3 Nge7 7. b3 O-O 8. Bb2
d6 9. e3 e5 10. h3 f5 11. d3 h6 12. a3 Be6 13. Rb1 Rc8 14. Ba1 Qd7 15. b4 b6 16.
b5 Na5 17. Ne1 f4 18. Kh2 g5 19. Nc2 g4 20. exf4 gxh3 21. Be4 exf4 22. Nd5 Nxd5
23. cxd5 Bg4 24. Qd2 Bxa1 25. Rxa1 Nb3 26. Qc3 Nxa1 27. Qxa1 fxg3+ 28. fxg3 Rxf1
29. Qxf1 Rf8 30. Qe1 Qf7 31. Ne3 Qf2+ 32. Qxf2 Rxf2+ 33. Kg1 Ra2 34. Nxg4 Rxa3
35. Kh2 Rb3 36. Nxh6+ Kf8 37. Nf5 Rxb5 38. Nxd6 Rb2+ 39. Kxh3 a5 40. Nb7 Rb4 41.
Bf5 Rd4 42. d6 a4 43. d7 a3 44. Be6 c4 45. Bxc4 Rxd7 0-1

[Event "Women's Speed Chess Q2"]
[Site "chess.com INT"]
[Date "2020.06.19"]
[Round "13"]
[White "Socko, Monika"]
[Black "Gaponenko, Inna"]
[Result "1/2-1/2"]
[WhiteTitle "GM"]
[BlackTitle "IM"]
[WhiteElo "2428"]
[BlackElo "2396"]
[WhiteFideId "1106619"]
[BlackFideId "14101181"]
[EventDate "2020.06.19"]

1. d4 g6 2. c4 Bg7 3. e4 d6 4. Nc3 Nc6 5. Be3 e5 6. d5 Nd4 7. Bd3 c5 8. dxc6
bxc6 9. Nge2 Ne7 10. O-O O-O 11. f4 f5 12. Kh1 Rb8 13. Rb1 Be6 14. Qd2 Qd7 15.
b3 fxe4 16. Nxe4 Nef5 17. Ng5 Nxe3 18. Qxe3 Bf5 19. Bxf5 Qxf5 20. Nxd4 exd4 21.
Qe6+ Qxe6 22. Nxe6 Rfe8 23. Rfe1 c5 24. Kg1 Bf6 25. g4 Kf7 26. Nc7 Rxe1+ 27.
Rxe1 d3 28. Rd1 Rc8 29. Nd5 Bd4+ 30. Kg2 Re8 31. Rxd3 Re2+ 32. Kf3 Rxa2 33. h3
a5 34. Ne3 Bxe3 35. Rxe3 a4 36. bxa4 Rxa4 37. Rc3 Ke6 38. Ke3 d5 39. cxd5+ Kxd5
40. Rd3+ Ke6 41. Rd8 Ra3+ 42. Ke4 Rxh3 43. f5+ gxf5+ 44. gxf5+ Ke7 45. Rc8 Kd6
46. Kf4 h6 47. Kg4 Rh1 48. f6 Ke6 49. Rc6+ Kf7 50. Kf5 Rf1+ 51. Ke5 Re1+ 52. Kf5
Rf1+ 53. Ke5 Re1+ 54. Kf5 Rf1+ 1/2-1/2

[Event "Women's Speed Chess Q2"]
[Site "chess.com INT"]
[Date "2020.06.19"]
[Round "13"]
[White "Harika, Dronavalli"]
[Black "Hejazipour, Mitra"]
[Result "0-1"]
[WhiteTitle "GM"]
[BlackTitle "WGM"]
[WhiteElo "2515"]
[BlackElo "2300"]
[WhiteFideId "5015197"]
[BlackFideId "12505951"]
[EventDate "2020.06.19"]

1. e4 c5 2. Nf3 d6 3. Bb5+ Nd7 4. O-O a6 5. Bd3 Ngf6 6. c3 e5 7. Bc2 Be7 8. d4
O-O 9. Re1 b5 10. Nbd2 Bb7 11. Nf1 cxd4 12. cxd4 Qc7 13. Ng3 Rfc8 14. Bd3 g6 15.
Bg5 Qd8 16. h3 Ne8 17. Be3 Ng7 18. Qd2 Ne6 19. Rad1 Qe8 20. Bb1 Nb6 21. dxe5 Nc4
22. Qe2 dxe5 23. Bc1 f6 24. b3 Na3 25. Bb2 Nf4 26. Qf1 Bb4 27. Bxa3 Bxa3 28. Ne2
Bb4 29. Nxf4 Bxe1 30. Nd5 Bxd5 31. exd5 Bb4 32. h4 Rd8 33. h5 e4 34. Nh2 Qe5 35.
hxg6 hxg6 36. Ng4 Qg5 37. Qe2 f5 38. Ne5 Bd6 39. Nc6 Rd7 40. g3 Rh7 41. Bxe4
fxe4 42. Qxe4 Bxg3 43. d6 Bxf2+ 44. Kxf2 Rh2+ 45. Ke1 Qg1# 0-1

[Event "Women's Speed Chess Q2"]
[Site "chess.com INT"]
[Date "2020.06.19"]
[Round "13"]
[White "Sukandar, Irine Kharisma"]
[Black "Gomez Barrera, Javiera Belen"]
[Result "1-0"]
[WhiteTitle "IM"]
[BlackTitle "WIM"]
[WhiteElo "2413"]
[BlackElo "2083"]
[WhiteFideId "7101937"]
[BlackFideId "3418723"]
[EventDate "2020.06.19"]

1. d4 Nf6 2. Bf4 g6 3. Nc3 Bg7 4. e4 d6 5. Qd2 O-O 6. O-O-O c6 7. Bh6 b5 8. Bxg7
Kxg7 9. Bd3 Qa5 10. Kb1 b4 11. Nce2 Ba6 12. Nf3 Bxd3 13. Qxd3 Nbd7 14. Nc1 Qb6
15. h4 h5 16. Rhe1 e5 17. dxe5 dxe5 18. Re2 Rfd8 19. Qc4 Qc5 20. Qb3 a5 21. Ng5
Rf8 22. Red2 a4 23. Qf3 b3 24. cxb3 a3 25. Rxd7 Nxd7 26. Rxd7 Ra7 27. Ne6+ 1-0

[Event "Women's Speed Chess Q2"]
[Site "chess.com INT"]
[Date "2020.06.19"]
[Round "13"]
[White "Hryzlova, Sofiia"]
[Black "Schulze, Lara"]
[Result "1-0"]
[BlackTitle "FM"]
[WhiteElo "1940"]
[BlackElo "2314"]
[WhiteFideId "14174669"]
[BlackFideId "12956830"]
[EventDate "2020.06.19"]

1. c4 e5 2. Nc3 Nf6 3. Nf3 Nc6 4. e4 Bb4 5. d3 Bxc3+ 6. bxc3 O-O 7. g3 d6 8. Bg2
Nd7 9. Nh4 Nc5 10. O-O b6 11. d4 Nd7 12. f4 exf4 13. Bxf4 Na5 14. e5 dxe5 15.
Bxa8 exf4 16. Bg2 Nxc4 17. Rxf4 Ne3 18. Qf3 Nxg2 19. Nxg2 Nf6 20. Rf1 Be6 21.
Qd3 c6 22. Rxf6 gxf6 23. Nf4 Kh8 24. Nh5 f5 25. Qe3 Qd5 26. Qh6 Rg8 27. Qf6+ Rg7
28. Qxg7# 1-0

[Event "Women's Speed Chess Q2"]
[Site "chess.com INT"]
[Date "2020.06.19"]
[Round "13"]
[White "Berzina, Ilze"]
[Black "Sedina, Elena"]
[Result "1-0"]
[WhiteTitle "WGM"]
[BlackTitle "IM"]
[WhiteElo "2192"]
[BlackElo "2299"]
[WhiteFideId "11601345"]
[BlackFideId "812153"]
[EventDate "2020.06.19"]

1. e4 e6 2. d4 d5 3. Nc3 Bb4 4. exd5 exd5 5. Nf3 Bg4 6. Be2 Nf6 7. O-O O-O 8.
Bg5 h6 9. Bh4 Bxc3 10. bxc3 Nbd7 11. Rb1 b6 12. Ne5 Bxe2 13. Qxe2 Qe8 14. Rfe1
Ne4 15. Qg4 Nxe5 16. dxe5 Qe6 17. Rxe4 dxe4 18. Qxe4 Rfe8 19. Re1 c6 20. a4 f6
21. f4 Rad8 22. Qf3 Qd5 23. Qg3 Kf7 24. f5 Qc5+ 25. Kh1 1-0

[Event "Women's Speed Chess Q2"]
[Site "chess.com INT"]
[Date "2020.06.19"]
[Round "13"]
[White "Aakanksha, Hagawane"]
[Black "Dwilewicz, Katarzyna"]
[Result "1-0"]
[WhiteTitle "WIM"]
[BlackTitle "WFM"]
[WhiteElo "2238"]
[BlackElo "2120"]
[WhiteFideId "25014510"]
[BlackFideId "1148486"]
[EventDate "2020.06.19"]

1. e4 c5 2. Nf3 e6 3. d4 cxd4 4. Nxd4 Nc6 5. Nb5 d6 6. c4 Nf6 7. N1c3 a6 8. Na3
Be7 9. Be2 O-O 10. O-O Qc7 11. Be3 b6 12. Rc1 Qb8 13. f4 Rd8 14. Bf3 Ra7 15. Qe1
Rc7 16. Nc2 Na5 17. b3 Nc6 18. Qf2 Nd7 19. Na4 Nc5 20. Nxc5 dxc5 21. Rcd1 Rcd7
22. e5 Bb7 23. Rxd7 Rxd7 24. Be4 g6 25. Qf3 Qc8 26. Rd1 Nxe5 27. fxe5 Rxd1+ 28.
Qxd1 Bxe4 29. Ne1 Bb7 30. Nf3 Qc6 31. Qd3 Kg7 32. Qd2 Qe4 33. Bh6+ Kg8 34. Qd7
Qb1+ 35. Kf2 Qc2+ 36. Kg3 Bxf3 37. Qe8+ 1-0

[Event "Women's Speed Chess Q2"]
[Site "chess.com INT"]
[Date "2020.06.19"]
[Round "13"]
[White "Mammadova, Gulnar"]
[Black "Muminova, Nafisa"]
[Result "1-0"]
[WhiteTitle "IM"]
[BlackTitle "WGM"]
[WhiteElo "2382"]
[BlackElo "2274"]
[WhiteFideId "13403508"]
[BlackFideId "14201526"]
[EventDate "2020.06.19"]

1. e4 e6 2. Qe2 Be7 3. g3 d5 4. d3 dxe4 5. dxe4 Nc6 6. c3 e5 7. Nf3 Nf6 8. Bg2
O-O 9. O-O a5 10. Rd1 Qe8 11. Nbd2 b6 12. Nf1 Ba6 13. Qc2 Bc5 14. Ne3 Rd8 15.
Nd5 Ng4 16. Be3 Bxe3 17. fxe3 Rxd5 18. exd5 Nxe3 19. Qd2 Nxd1 20. dxc6 e4 21.
Nd4 Nxb2 22. Qxb2 e3 23. Re1 f5 24. Bd5+ Kh8 25. Ne6 Rf6 26. Rxe3 f4 27. gxf4
Qg6+ 28. Kf2 Qg4 29. Qd2 Qh4+ 30. Kg1 Rg6+ 31. Ng5 Rxg5+ 32. fxg5 Qxg5+ 33. Bg2 1-0

[Event "Women's Speed Chess Q2"]
[Site "chess.com INT"]
[Date "2020.06.19"]
[Round "13"]
[White "Daulyte-Cornette, Deimante"]
[Black "Keetman, Maaike"]
[Result "1-0"]
[WhiteTitle "IM"]
[BlackTitle "WFM"]
[WhiteElo "2400"]
[BlackElo "2169"]
[WhiteFideId "12802859"]
[BlackFideId "1033697"]
[EventDate "2020.06.19"]

1. e4 e6 2. d4 d5 3. Nc3 Bb4 4. exd5 exd5 5. Bd3 Ne7 6. Nf3 O-O 7. O-O c6 8. Ne2
Bf5 9. Ne5 Nd7 10. Bxf5 Nxf5 11. Qd3 Nd6 12. Bf4 f6 13. Ng4 Nf7 14. Ng3 Bd6 15.
Nh5 Bxf4 16. Nxf4 Re8 17. Rfe1 Nf8 18. h3 Qd6 19. Nh5 Ng5 20. Qf5 Ne4 21. Re3
Qe6 22. Qf4 Qd6 23. Rxe4 Qb4 24. Rxe8 Rxe8 25. Ngxf6+ gxf6 26. Nxf6+ Kf7 27.
Nxd5+ 1-0

[Event "Women's Speed Chess Q2"]
[Site "chess.com INT"]
[Date "2020.06.19"]
[Round "13"]
[White "Tsukerman, Julia"]
[Black "Yakimova, Mariya"]
[Result "1-0"]
[WhiteTitle "WCM"]
[BlackTitle "WFM"]
[WhiteElo "1523"]
[BlackElo "2269"]
[WhiteFideId "2621649"]
[BlackFideId "34188859"]
[EventDate "2020.06.19"]

1. e4 c5 2. Nf3 Nc6 3. d4 cxd4 4. Nxd4 Nf6 5. Nc3 e5 6. Ndb5 d6 7. Bg5 a6 8. Na3
b5 9. Nd5 Be7 10. Bxf6 Bxf6 11. c3 Bg5 12. Nc2 O-O 13. a4 bxa4 14. Rxa4 a5 15.
Bc4 Rb8 16. b3 Kh8 17. Nce3 g6 18. O-O f5 19. exf5 gxf5 20. Qh5 Be6 21. f4 exf4
22. Nxf4 Bxc4 23. Nxc4 Bxf4 24. Rxf4 Rxb3 25. h3 Rxc3 26. Rxf5 Rxf5 27. Qxf5 d5
28. Nxa5 Rc1+ 29. Kh2 Nxa5 30. Qe5+ Kg8 31. Qe6+ Kh8 32. Qe5+ Kg8 33. Rg4+ Kf7
34. Rf4+ Kg8 35. Qe6+ Kg7 36. Rg4+ Kh8 37. Qe5+ 1-0

[Event "Women's Speed Chess Q2"]
[Site "chess.com INT"]
[Date "2020.06.19"]
[Round "13"]
[White "Morris-Suzuki, Sophie"]
[Black "Kubicka, Anna"]
[Result "0-1"]
[WhiteTitle "WFM"]
[BlackTitle "WIM"]
[WhiteElo "2043"]
[BlackElo "2256"]
[WhiteFideId "30922615"]
[BlackFideId "1152254"]
[EventDate "2020.06.19"]

1. e4 c5 2. Nf3 d6 3. d4 cxd4 4. Nxd4 Nf6 5. Nc3 a6 6. Bc4 e6 7. Bb3 Be7 8. O-O
O-O 9. Qf3 Nc6 10. Be3 Qc7 11. Qg3 Nxd4 12. Bxd4 b5 13. a3 Bb7 14. Rae1 Rac8 15.
Kh1 e5 16. Be3 Nxe4 17. Nxe4 Bxe4 18. f4 exf4 19. Bxf4 Bg6 20. Re2 Rcd8 21. Rfe1
Bf6 22. c3 Qc5 23. Qh3 Qf5 24. Qg3 d5 25. Bd6 Bh4 26. Qxh4 Rxd6 27. Re8 Qf6 28.
Qb4 h6 29. R8e2 Re6 30. Rxe6 fxe6 31. Qd6 Qf1+ 32. Rxf1 Rxf1# 0-1

[Event "Women's Speed Chess Q2"]
[Site "chess.com INT"]
[Date "2020.06.19"]
[Round "13"]
[White "Anu, Bayar"]
[Black "Zavivaeva, Evelina"]
[Result "1-0"]
[WhiteTitle "WFM"]
[BlackTitle "WCM"]
[WhiteElo "2102"]
[BlackElo "1619"]
[WhiteFideId "4901339"]
[BlackFideId "44127839"]
[EventDate "2020.06.19"]

1. d4 Nf6 2. c4 c5 3. d5 b5 4. cxb5 a6 5. Nc3 axb5 6. e4 b4 7. Nb5 Ba6 8. Bc4
Nxe4 9. Bf4 Bxb5 10. Bxb5 Qa5 11. Qe2 b3+ 12. Kf1 Nf6 13. Bc4 Qb4 14. Bd2 Qb6
15. Bxb3 g6 16. Nf3 Bg7 17. Bc3 O-O 18. g3 e6 19. dxe6 dxe6 20. Kg2 Nbd7 21.
Rhd1 Rfd8 22. Rd2 Rac8 23. Bc4 Nb8 24. Rad1 Rxd2 25. Rxd2 Rd8 26. Ne5 Rxd2 27.
Qxd2 Qb7+ 28. f3 Nbd7 29. Qd6 Nxe5 30. Qd8+ Bf8 31. Bxe5 Nd5 32. Bd6 Ne7 33. b3
Nc6 34. Qxf8# 1-0

[Event "Women's Speed Chess Q2"]
[Site "chess.com INT"]
[Date "2020.06.19"]
[Round "13"]
[White "Eswaran, Aksithi"]
[Black "Sakorenko, Adriana"]
[Result "1/2-1/2"]
[WhiteTitle "WCM"]
[BlackTitle "WFM"]
[WhiteElo "1745"]
[BlackElo "2216"]
[WhiteFideId "2083485"]
[BlackFideId "34130249"]
[EventDate "2020.06.19"]

1. e4 c6 2. d4 d5 3. exd5 cxd5 4. Bd3 Nc6 5. c3 Qc7 6. Nf3 Nf6 7. O-O g6 8. h3
Bg7 9. Re1 O-O 10. Nbd2 Bf5 11. Nf1 Ne4 12. Bxe4 Bxe4 13. Ng3 Bf5 14. Nxf5 gxf5
15. Bg5 e6 16. Bh4 b5 17. Bg3 Qb7 18. Qd2 b4 19. Ne5 bxc3 20. bxc3 Nxe5 21. Bxe5
f6 22. Bd6 Rfe8 23. Rab1 Qa6 24. Bc5 Rab8 25. Bb4 Qc4 26. Re3 a5 27. Rg3 Kh8 28.
Qd1 axb4 29. Qh5 bxc3 30. Rxb8 Rxb8 31. Qf7 Rg8 32. Rxg7 Rxg7 33. Qf8+ Rg8 34.
Qxf6+ Rg7 35. Qf8+ Rg8 36. Qf6+ Rg7 37. Qf8+ Rg8 38. Qf6+ 1/2-1/2

[Event "Women's Speed Chess Q2"]
[Site "chess.com INT"]
[Date "2020.06.19"]
[Round "13"]
[White "Maltsevskaya, Aleksandra"]
[Black "Kashlinskaya, Alina"]
[Result "1/2-1/2"]
[WhiteTitle "WGM"]
[BlackTitle "IM"]
[WhiteElo "2272"]
[BlackElo "2494"]
[WhiteFideId "24174041"]
[BlackFideId "4198026"]
[EventDate "2020.06.19"]

1. e4 e5 2. Nf3 Nf6 3. Nxe5 d6 4. Nf3 Nxe4 5. Nc3 Nxc3 6. dxc3 Be7 7. Be3 Nd7 8.
Qd2 O-O 9. O-O-O Nf6 10. h3 c5 11. g4 Be6 12. a3 b5 13. Bg2 Rb8 14. Ng5 Bc4 15.
b3 Qa5 16. Kb2 Rb6 17. Rhe1 h6 18. Ne4 Nxe4 19. Bxe4 Bf6 20. g5 hxg5 21. Bxg5 b4
22. axb4 cxb4 23. Bxf6 Qa3+ 24. Kb1 Bxb3 25. Qh6 Ba2+ 26. Ka1 Bc4+ 27. Kb1 Ba2+
28. Ka1 Bc4+ 29. Kb1 Ba2+ 1/2-1/2

[Event "Women's Speed Chess Q2"]
[Site "chess.com INT"]
[Date "2020.06.19"]
[Round "13"]
[White "Balabayeva, Xeniya"]
[Black "Soumya, Swaminathan"]
[Result "1-0"]
[WhiteTitle "WFM"]
[BlackTitle "IM"]
[WhiteElo "2146"]
[BlackElo "2351"]
[WhiteFideId "13719688"]
[BlackFideId "5016193"]
[EventDate "2020.06.19"]

1. e4 g6 2. d4 Bg7 3. c3 d6 4. Bd3 Nf6 5. Ne2 e5 6. f3 Nc6 7. Be3 O-O 8. Nd2 d5
9. dxe5 Nxe5 10. Bc2 dxe4 11. Nxe4 Nc4 12. Qxd8 Rxd8 13. Bg5 Nxe4 14. Bxd8 Nc5
15. O-O-O Be6 16. Bg5 Nb6 17. b3 Nd5 18. Bd2 a5 19. c4 Nb4 20. Bxb4 axb4 21. Kb1
c6 22. Nd4 Bc8 23. Rhe1 Bd7 24. g4 Bf6 25. Ne2 b5 26. cxb5 cxb5 27. Rd5 Rc8 28.
Nf4 Kg7 29. Red1 Be8 30. Re1 Bd7 31. g5 Bc3 32. Red1 Be6 33. Nxe6+ Nxe6 34. h4
Nf4 35. Rd8 Rc5 36. Re8 Ne6 37. f4 Nxf4 38. Rdd8 1-0

[Event "Women's Speed Chess Q2"]
[Site "chess.com INT"]
[Date "2020.06.19"]
[Round "13"]
[White "Antova, Gabriela"]
[Black "Shpanko, Nadiia"]
[Result "0-1"]
[WhiteTitle "FM"]
[BlackTitle "WIM"]
[WhiteElo "2255"]
[BlackElo "2235"]
[WhiteFideId "2915235"]
[BlackFideId "14132400"]
[EventDate "2020.06.19"]

1. e4 c5 2. Nf3 d6 3. d4 cxd4 4. Nxd4 Nf6 5. Nc3 a6 6. Be3 e6 7. Qd2 Nbd7 8. f3
b5 9. g4 Nb6 10. h4 Bb7 11. h5 h6 12. O-O-O Be7 13. Qf2 Nfd7 14. Bg2 Rc8 15.
Nde2 Nc4 16. f4 Qa5 17. Nd4 Nxb2 18. Kxb2 Qxc3+ 19. Kb1 Nc5 20. Bd2 Qa3 21. Bc1
Qb4+ 22. Nb3 Na4 23. Rd4 Nc3+ 24. Ka1 Rc4 25. Bb2 Rxd4 26. Qxd4 Qxd4 27. Nxd4
Bxe4 28. Bxc3 Bxg2 29. Re1 Kd7 30. Kb2 Bf6 31. f5 Rc8 32. fxe6+ fxe6 33. a3 Bd5
34. Re3 Rc4 35. Rd3 Be4 36. Rd2 Bd5 37. Rd3 Be5 0-1

[Event "Women's Speed Chess Q2"]
[Site "chess.com INT"]
[Date "2020.06.19"]
[Round "13"]
[White "Yu, Jennifer"]
[Black "Bulmaga, Irina"]
[Result "0-1"]
[WhiteTitle "FM"]
[BlackTitle "IM"]
[WhiteElo "2315"]
[BlackElo "2440"]
[WhiteFideId "2078341"]
[BlackFideId "13903063"]
[EventDate "2020.06.19"]

1. d4 Nf6 2. c4 e6 3. Nc3 Bb4 4. g3 Bxc3+ 5. bxc3 O-O 6. Bg2 d6 7. e4 c5 8. Ne2
Nc6 9. O-O e5 10. h3 b6 11. f4 h6 12. Be3 Ba6 13. Qa4 Na5 14. fxe5 dxe5 15. dxe5
Nh7 16. Rfd1 Qe7 17. Bf4 Bxc4 18. Rd7 Qe8 19. Bf3 b5 20. Qd1 Rd8 21. Rxd8 Qxd8
22. Be3 Qc7 23. Qd6 Rc8 24. Rd1 Nf8 25. Rd2 Be6 26. Nf4 Nc4 27. Qxc7 Rxc7 28.
Re2 Nxe3 29. Rxe3 Bxa2 30. Nd5 Rd7 31. Re2 Bc4 32. Rd2 a5 33. Kf2 a4 34. Ke3 a3
35. Rd1 a2 36. Ra1 Ne6 37. Be2 Bxd5 38. exd5 Rxd5 39. Bxb5 Rxe5+ 40. Kd2 Ng5 41.
Rxa2 Nxh3 42. Ra8+ Kh7 43. Bc4 Ng5 44. Bd3+ g6 45. Ra7 Kg7 46. Rc7 h5 47. c4 Ne6
48. Ra7 g5 49. Kc3 h4 50. gxh4 gxh4 51. Ra1 Rg5 52. Rh1 Rg4 53. Bf5 Rf4 0-1

[Event "Women's Speed Chess Q2"]
[Site "chess.com INT"]
[Date "2020.06.19"]
[Round "13"]
[White "Toncheva, Nadya"]
[Black "Gevorgyan, Maria"]
[Result "1-0"]
[WhiteTitle "WFM"]
[BlackTitle "WGM"]
[WhiteElo "2064"]
[BlackElo "2228"]
[WhiteFideId "2924056"]
[BlackFideId "13300270"]
[EventDate "2020.06.19"]

1. e4 c5 2. c3 Nf6 3. e5 Nd5 4. Nf3 Nc6 5. Bc4 Nb6 6. Bb3 c4 7. Bc2 d5 8. exd6
Qxd6 9. O-O Bg4 10. h3 Bh5 11. b3 Qf6 12. g4 Bg6 13. Kg2 Nd5 14. bxc4 Nf4+ 15.
Kh2 Bxc2 16. Qxc2 Nxh3 17. Qe4 Nf4 18. g5 Qd6 19. Kh1 g6 20. d4 h6 21. Bxf4
hxg5+ 22. Bh2 f5 23. Qd5 Qf6 24. Kg1 g4 25. Ne5 Rd8 26. Qg2 f4 27. Nxg4 Qf5 28.
Nd2 g5 29. Rfe1 Rh4 30. f3 Bg7 31. Rab1 b6 32. Rb5 Qg6 33. Qe2 Kf7 34. Qe4 Qxe4
35. Nxe4 Bxd4+ 36. cxd4 Nxd4 37. Nxg5+ Kg6 38. Rbe5 Nxf3+ 39. Nxf3 Rxg4+ 40. Kh1
Rd3 41. Re6+ Kg7 42. Ne5 1-0

[Event "Women's Speed Chess Q2"]
[Site "chess.com INT"]
[Date "2020.06.19"]
[Round "13"]
[White "Mohota, Nisha"]
[Black "Chitlange, Sakshi"]
[Result "0-1"]
[WhiteTitle "IM"]
[BlackTitle "WIM"]
[WhiteElo "2195"]
[BlackElo "2167"]
[WhiteFideId "5004330"]
[BlackFideId "35002899"]
[EventDate "2020.06.19"]

1. e4 c6 2. d4 d5 3. Nc3 dxe4 4. Nxe4 Nf6 5. Nxf6+ exf6 6. c3 Bd6 7. Bd3 O-O 8.
Ne2 Re8 9. Qc2 h5 10. O-O h4 11. h3 Nd7 12. Bf4 Nf8 13. Bxd6 Qxd6 14. Rfe1 g6
15. Qd2 f5 16. Qf4 Qf6 17. Qd2 Ne6 18. Nf4 Qg5 19. Rxe6 Bxe6 20. Rd1 Bd5 21. c4
Be4 22. Bxe4 Rxe4 23. Ne2 f4 24. f3 Re3 25. Kh1 Rae8 26. Nc3 f5 27. d5 Qg3 28.
Rg1 Re1 29. Ne4 Rxg1+ 30. Kxg1 fxe4 31. dxc6 exf3 32. Qd5+ Kh8 33. Qd4+ Kh7 34.
Qd7+ Kh6 0-1